000 00675cam a22002293a 4500
001 40441
003 PGUSA
005 20140828083913.0
008 120808s2012||||xxu|||||s|||||000 | eng d
040 _aPGUSA
_beng
042 _adc
100 1 _aClare, Maurice
245 1 2 _aA Day with William Shakespeare
_h[electronic resource] /
_cMaurice Clare
260 _bProject Gutenberg,
_c2012
506 _aPublic domain in the USA.
516 _aElectronic text
700 1 _aHaslehust, E. W.,
_d1866-1949
700 1 _aMargetson, W. H.
_q(William Henry),
_d1861-1940
830 0 _aProject Gutenberg
_v40441
856 4 0 _uhttp://www.gutenberg.org/ebooks/40441
942 _cEB
999 _c269694
_d269694